| 000 | 00470cam a2200205ua 4500 | ||
|---|---|---|---|
| 001 | 9022 | ||
| 005 | 20260515114421.0 | ||
| 008 | 150220n ii |||gr||||Z||||||ben | ||
| 040 | _cMAIN | ||
| 041 | _aben | ||
| 082 | _a294.5562 | ||
| 100 |
_aMoharaj, S., _eAuthor. |
||
| 245 | 1 |
_aBrahmaloke _cBy S. Moharaj |
|
| 250 | _a1st. | ||
| 260 |
_aCalcutta: _bDay, _c1987. |
||
| 300 | _a302p. | ||
| 653 | _aReligions ofIndic origin | ||
| 653 | _aBrahma religion | ||
| 942 | _cBK | ||
| 999 |
_c8106 _d8106 |
||